000 00304nam a22001217a 4500
008 180518b xxu||||| |||| 00| 0 eng d
041 _aeng
080 _a043.3
100 _a0
101 _aSHKI-BA
245 _aRrjetet Shoqerore dhe Krahasimi ne mes Facebook dhe Twitter
_cShabani, B
942 _2udc
_cBK
999 _c45944
_d45944